000
00221nam a2200097Ia 4500
008
220204s9999 xx 000 0 und d
082
_a
82-36
245
0
_a
Asterix in Spain
260
_a
London
_b
Hodder Dargaud
942
_c
BK
999
_c
37920
_d
37920